Law and procedure of departmental enquiries (Record no. 410186)

000 -LEADER
fixed length control field 00397cam a22001337a 4500
008 - FIXED-LENGTH DATA ELEMENTS--GENERAL INFORMATION
fixed length control field 180718b1972 xxu||||| |||| 00| 0 eng d
082 ## - DEWEY DECIMAL CLASSIFICATION NUMBER
Classification number K603x54 G341
100 ## - MAIN ENTRY--PERSONAL NAME
Personal name Ghaiye,B.R.
245 ## - TITLE STATEMENT
Title Law and procedure of departmental enquiries
Statement of responsibility, etc. By B.R. Ghaiye
260 ## - PUBLICATION, DISTRIBUTION, ETC.
Place of publication, distribution, etc. Lucknow
Name of publisher, distributor, etc. Eastern book
Date of publication, distribution, etc. 1972
300 ## - PHYSICAL DESCRIPTION
Extent 1375p
650 ## - SUBJECT ADDED ENTRY--TOPICAL TERM
Topical term or geographic name entry element Labor laws and legislation - India
650 ## - SUBJECT ADDED ENTRY--TOPICAL TERM
Topical term or geographic name entry element Civil service - India
Holdings
Withdrawn status Lost status Damaged status Not for loan Permanent Location Current Location Date acquired Full call number Barcode Date last seen Price effective from Koha item type
        Indian Institute of Public Administration Indian Institute of Public Administration 2009-01-14 K603x54 G341 DA4200 2018-07-21 2018-07-21 DA

Powered by Koha